00996nam a2200241 a 450000500170000000800410001702000150005804100080007310000270008124501000010825001140020826000540032230000430037650001870041965300230060665300200062965300210064965300150067065300080068565300110069370000260070470000240073020240805094416.0100623e2003||||sp a f |||| 001 0 spa d a8479035315 aspa1 aPutz, Reinhard V.eEd. aSobotta. Atlas de Anatomía Humana.bT.1 Cabeza, Cuello y Miembro Superior /cReinhard V. Putz a21 a ed. 3a reimp. en español bTraducción Alfonso Llamas ; José Luís Velayos e Ignacio Navascués.  aMadrid: bEditorial Médica Panamericana;c2003. a428 p.b683 ilustraciones ; 76 cuadros aPutz, R., Pabst, R. (Eds.) y Putz, R. (Col.). (2003). Sobotta. Atlas de anatomía humana. T.1 Cabeza, Cuello y Miembro Superior. (21a ed.). Madrid : Editorial Médica Panamericana. aAnatomía general aCabeza y cuello aMiembro superior aEncéfalo aOjo aOído1 aPabst, Reinhard.eEd.1 aPutz, Renate.eCol.